Biogeografia: dinamicas e transformacoes da natureza
Uloženo v:
| Hlavní autor: | |
|---|---|
| Médium: | Kniha |
| Jazyk: | portugalština |
| Vydáno: |
Sao Paulo
Oficina de Textos
2015
|
| Vydání: | 1a. ed |
| Edice: | Colecao Básicos em Geografia
|
| Témata: | |
| Tagy: |
Přidat tag
Žádné tagy, Buďte první, kdo vytvoří štítek k tomuto záznamu!
|
MARC
| LEADER | 00000cam a2200000 a 4500 | ||
|---|---|---|---|
| 001 | UCC4942 | ||
| 003 | CL-VaPUC | ||
| 008 | 180907e20150000bl |||||||||||||||||por|d | ||
| 020 | |a 9788579751769 | ||
| 082 | 0 | 4 | |a 578.09 |b FIG |2 21 |
| 100 | 0 | |a Figueiró, Adriano |e author |9 599186 | |
| 245 | 1 | 0 | |a Biogeografia: dinamicas e transformacoes da natureza |
| 250 | |a 1a. ed | ||
| 300 | |a 384 p | ||
| 942 | |c BK | ||
| 945 | |d 20180907 13:03:00 |a dcastane | ||
| 260 | |a Sao Paulo |b Oficina de Textos |c 2015 | ||
| 650 | 7 | |a BIOGEOGRAFIA |2 CL-VaPUC |9 347934 | |
| 650 | 0 | |a Comunidades bióticas |9 269776 | |
| 650 | 0 | |a Medio ambiente |9 257625 | |
| 583 | |a last modification |c 20180907 13:03:00 |k Rodrigo Vera | ||
| 490 | 0 | |a Colecao Básicos em Geografia | |
| 999 | |c 372323 |d 372321 | ||
| 952 | |0 0 |1 0 |3 erb |4 0 |6 578_090000000000000_FIG_2015 |7 0 |8 A |9 489888 |a BIBING |b BIBING |i 5494052 |l 3 |o 578.09 FIG 2015 |p 5494052 |r 2025-04-21 |s 2025-04-21 |w 2019-11-24 |y BK |z Catalogado en:20180907 |k GEO | ||